00254cam a2200121ua 45000010005000000080039000050400009000440410012000530820016000651000023000812450010001046530018001145435120423n II |||gr||||Z||||||eng aMAIN aEnglish a891.454 BHA aBHARALI , SAIYLEN. aNATAK aAsomiya Natak